| 000 | 006100000a22001810004500 | ||
|---|---|---|---|
| 003 | MACL | ||
| 005 | 20160515104933.0 | ||
| 008 | 160515b xxu||||| |||| 00| 0 eng d | ||
| 040 |
_aMACL _cMACL |
||
| 041 | _aHindi | ||
| 082 | _a891.433 BAN | ||
| 100 |
_aबनर्जी, उत्पल _957322 |
||
| 245 |
_aसमकालीन बांग्ला प्रेम-कहानियां _cउत्पल बनर्जी |
||
| 260 |
_bसंवाद प्रकाशन _c2004 _aमुंबई |
||
| 350 | _a200 | ||
| 650 |
_aStories _957323 |
||
| 942 |
_cHIN _k891.433/BAN/S _2ddc |
||
| 999 |
_c18164 _d18164 |
||